The power of focus for women: (Record no. 9452)

MARC details
000 -LEADER
fixed length control field 00460nam a22001457a 4500
008 - FIXED-LENGTH DATA ELEMENTS--GENERAL INFORMATION
fixed length control field 230404b |||||||| |||| 00| 0 eng d
020 ## - INTERNATIONAL STANDARD BOOK NUMBER
International Standard Book Number 978-81-8495-764-8
082 ## - DEWEY DECIMAL CLASSIFICATION NUMBER
Classification number 158.1
100 ## - MAIN ENTRY--PERSONAL NAME
Personal name Les Hewitt and Fran Hewitt
245 ## - TITLE STATEMENT
Title The power of focus for women:
Remainder of title What successful women know about conquering challenges and creating change
260 ## - PUBLICATION, DISTRIBUTION, ETC.
Name of publisher, distributor, etc. Jaico Publishing House,
Date of publication, distribution, etc. 2015
300 ## - PHYSICAL DESCRIPTION
Extent 308 p.
Dimensions 21 cm
942 ## - Added entry Elements (Koha)
Source of classification or shelving scheme Dewey Decimal Classification
Holdings
Withdrawn status Lost status Source of classification or shelving scheme Damaged status Not for loan Collection code Home library Current library Shelving location Date acquired Serial Enumeration / chronology Total Checkouts Total Renewals Full call number Barcode Checked out Date last seen Date last checked out Price effective from Koha item type
    Dewey Decimal Classification     Popular Collection RTC Library RTC Library Popular Collection 04/04/2023 177311 4 1 158.1 HEW 30018641 25/11/2023 26/10/2023 26/10/2023 04/04/2023 Main
Royal Thimphu College || All Right Reserved